000 00467nam a2200157Ia 4500
008 240729s9999 xx 000 0 und d
022 _a2070-4259
245 0 _aJournal of Gandaki Medical College
260 _aNepal
260 _bGandaki Medical College Teaching Hospital & Research Centre Pvt. Ltd.
650 _a Medicine (General)
650 _aMedicine
856 _uhttps://doaj.org/toc/fe9c54d6bee640519a5a343266303318
942 _2ddc
942 _cDOAJEJ
999 _c67284
_d67284
945 _a1
_bMadushi Gamage
_c1
_dMadushi Gamage